000 00806nam a22002417a 4500
001 5735
003 FISKH
005 20260409154038.0
008 250117b cb ||||| |||| 00| 0 eng d
020 _a9780439020190
040 _aFISKH
_beng
_cFISKH
_dFISKH
050 _aPZ7
082 _a973.3
100 _aSantrey, Laurence
245 _aBen Franklin:
_bExtraordinary inventor, brave leader /
_cBy and JoAnn Early Macken ; Illustrated by John Lawn
260 _aNew York :
_bScholastic,
_c2007.
300 _a54 pages :
_billustrations ;
_c20 cm
520 _aFocuses on events from Benjamin Franklin's youth in Boston which proved influential in his later life.
650 _aHistory
_vInventors
_xBiography
700 _aLawn, John
_eillustrator
942 _2ddc
_cBK
_n0
999 _c5735
_d5735